01688cam a2200349 a 450000100090000000300040000900500170001300800410003001000170007102000180008802000150010603500230012104000510014404200150019505000220021008200170023208400180024910000090026711101120027624503150038826000660070330000330076950000170080250400410081965000480086065000830090870000280099170000260101970000250104571000460107077602220111616986078OSt20230602123435.0111001s2000 sx a b 100 0 eng  a 2011349567 a9789991675213 a9991675213 a(OCoLC)ocm45354781 aNDDcNDDdOCLCQdNOCdHEBISdDEBBGdOCLCAdDLC apccalcode00aZ857.S8bS73 2000 a020.967bSCE aAN 872002rvk d20002 aStanding Conference of Eastern, Central and Southern African Librariansn(14th :d2000 :cWindoek, Namibia)10aInformation 2000 :bA Vision for the SCECSAL Region : papers presented at the 14th Standing Conference of Eastern, Central, and Southern African Librarians (SCECSAL 2000) : 10th-15th April, 2000, Safari Court & Conference Centre, Windhoek, Namibia /cedited by Justin Chisenga, Agnes Chitambo and Fred Onyango. aWindhoek :bNamibian Information Workers Association,cc2000. avi, 254 p. :bill. ;c26 cm. aApril 2000". aIncludes bibliographical references. 0aLibrarieszAfrica, Sub-SaharanvCongresses. 0aLibrary sciencevCongresseszAfrica, Sub-SaharanxLibrary sciencevCongresses.1 aChisenga, Justin.d20001 aChitambo, A. M.d20001 aOnyango, Fred.d20002 aNamibian Information Workers Association.08iOnline version:aStanding Conference of Eastern, Central and Southern African Librarians (14th : 2000 : Windoek, Namibia)tInformation 2000.dWindhoek : Namibian Information Workers Association, 2000w(OCoLC)615759577